000 00648nam a2200277Ia 4500
005 20260324140054.0
008 008 260324s9999 xx 000 0 eng d
020 _a9780203048191
037 _aEBOOK
040 _aCRL
040 _beng
040 _cCRL
041 _2eng
041 _aeng
084 _qCRL
100 _aJohn Gardner; Professor Gill Nicholls
_91203025
245 0 _aPupils in Transition
260 _bTaylor and Francis
260 _c1999
365 _a
365 _b82.99
856 _uhttp://www.taylorfrancis.com/books/9780203048191
942 _cEBOOK
999 _c1804695
_d1804695